00381nam a2200121 a 4500008004100000050001500041100002700056245005700083246003800140260004900178300002300227350000900250120416s1969 ||||||||||||||||| || u aHC 915 Aft aGaay Fortman, Bastiaan10aAfter Mulungushicedited by Bastiaan de Gaay Fortman athe economics of Zambian humanism aNairobibEast African Publishing Housec1969 aviii, 183p. : ill. a0.00